Statistiques concernant Principaux pays exportateurs d'armes

Cliquez ici pour prendre le quiz!

Statistiques générales

  • Ce quiz a été pris 101 fois
  • Le résultat moyen est 8 sur 9

Statistiques - réponses

% mondial de ventes d'armesPays% Correct
29 %Etats-Unis
100%
27 %Russie
99%
5 %France
98%
6 %Chine
97%
6 %Allemagne
93%
4 %Royaume-Uni
85%
3 %Italie
79%
3 %Espagne
78%
3 %Ukraine
32%

Distribution des résultats

Percentile par nombre de réponses

% des personnes avec chaque résultat

Votre développement - résultats

Vous n’avez pas pris ce quiz